Lost Secret ; along with teacher guide (Record no. 301238)
[ view plain ]
| 000 -LEADER | |
|---|---|
| fixed length control field | 00295 a2200121 4500 |
| 001 - CONTROL NUMBER | |
| control field | 66165 |
| 082 ## - DEWEY DECIMAL CLASSIFICATION NUMBER | |
| Classification number | 425 ONE |
| 090 ## - LOCALLY ASSIGNED LC-TYPE CALL NUMBER (OCLC); LOCAL CALL NUMBER (RLIN) | |
| -- | 38458 |
| -- | 38458 |
| 100 ## - MAIN ENTRY--PERSONAL NAME | |
| Personal name | O'Neill, R |
| 245 ## - TITLE STATEMENT | |
| Title | Lost Secret ; along with teacher guide |
| 260 ## - PUBLICATION, DISTRIBUTION, ETC. | |
| Place of publication, distribution, etc. | japan |
| Name of publisher, distributor, etc. | Bilingual Pub |
| Date of publication, distribution, etc. | 1989 |
| 300 ## - PHYSICAL DESCRIPTION | |
| Extent | 70 |
| Accompanying material | with teacher guide |
| 942 ## - ADDED ENTRY ELEMENTS (KOHA) | |
| Institution code [OBSOLETE] | NUST-CAE |
| Call number prefix | 425 ONE |
| Withdrawn status | Lost status | Damaged status | Not for loan | Collection code | Permanent Location | Current Location | Date acquired | Total Checkouts | Full call number | Barcode | Date last seen | Price effective from | Koha item type |
|---|---|---|---|---|---|---|---|---|---|---|---|---|---|
| College of Aeronautical Engineering (CAE) | College of Aeronautical Engineering (CAE) | 04/03/2017 | 425 ONE | CAEN-566A | 04/05/2017 | 04/05/2017 | Book | ||||||
| College of Aeronautical Engineering (CAE) | College of Aeronautical Engineering (CAE) | 04/03/2017 | 425 ONE | CAEN-566B | 04/05/2017 | 04/05/2017 | Book |
